00582nam a2200193Ia 450000500170000000800410001702000230005804000190008104100120010008200160011210000140012824500940014226000580023630000140029465000280030865100190033670000230035585000100037820230608090544.0131103s9999 xx 000 0 und d a185326475XcRs 265 aLoreto College aEnglish a937.02bSUE aSuetonius aLives of the twelve CaesarscTranslated by H.M.Bird with an introduction by Tamsyn Barton aWare, Herfordshire, UKbWordsworth Editions Ltdc1997 axii,364p  aRoman History, Ancient  aHistory, Roman aBird, H. M., trans aLCLIB